[Event "Festival INPS"]
[Site "Roma ITA"]
[Date "1998.??.??"]
[Round "6"]
[White "Martelli, Andrea"]
[Black "Di Lazzaro, Gabriele"]
[Result "0-1"]
[WhiteElo "1770"]
[BlackElo "2030"]
[PlyCount "46"]
[EventDate "1998.??.??"]

1. Nf3 d5 2. g3 Nc6 3. d4 Bg4 4. Bg2 Qd7 5. Ne5 Nxe5 6. dxe5 c6 7. b3 Bh3 8.
O-O h5 9. Nd2 Bxg2 10. Kxg2 h4 11. Nf3 hxg3 12. fxg3 Qh3+ 13. Kg1 e6 14. Rf2
Bc5 15. e3 f6 16. Qf1 Qh5 17. exf6 Nxf6 18. Nd4 Qe5 19. c4 Ng4 20. Bb2 Qxe3 21.
Re1 Qxf2+ 22. Qxf2 Nxf2 23. Nxe6 Nd3+ 0-1

[Event "Festival INPS"]
[Site "Roma ITA"]
[Date "1998.??.??"]
[Round "6"]
[White "Marzano, Carlo"]
[Black "Corvi, Marco"]
[Result "1/2-1/2"]
[WhiteElo "2185"]
[BlackElo "2320"]
[PlyCount "68"]
[EventDate "1998.??.??"]

1. d4 Nf6 2. Nf3 g6 3. c4 Bg7 4. Nc3 d6 5. e4 O-O 6. Be2 e5 7. d5 a5 8. Bg5 h6
9. Bh4 Na6 10. Nd2 Qe8 11. a3 Bd7 12. b3 Nh7 13. O-O h5 14. f3 f5 15. Rb1 g5
16. Bf2 f4 17. b4 axb4 18. axb4 Nf6 19. c5 Qg6 20. c6 bxc6 21. dxc6 Be6 22. Bc4
Bxc4 23. Nxc4 g4 24. Nd5 Nxd5 25. Qxd5+ Kh7 26. Kh1 g3 27. Be1 gxh2 28. Kxh2
Rg8 29. Rb2 h4 30. Rh1 Bf6 31. Na5 Rab8 32. Nb7 Ra8 33. Na5 Rab8 34. Nb7 Ra8
1/2-1/2

[Event "Festival INPS"]
[Site "Roma ITA"]
[Date "1998.??.??"]
[Round "6"]
[White "Pienabarca, Nicola"]
[Black "Montecchi, Ugo"]
[Result "1-0"]
[WhiteElo "2060"]
[BlackElo "1971"]
[PlyCount "65"]
[EventDate "1998.??.??"]

1. d4 Nf6 2. Nf3 c5 3. d5 b5 4. Bg5 Bb7 5. Bxf6 exf6 6. e4 f5 7. e5 c4 8. Be2
Qa5+ 9. c3 Bc5 10. O-O O-O 11. b4 cxb3 12. Qxb3 Qb6 13. Nbd2 a5 14. Bxb5 Bxd5
15. Qxd5 Qxb5 16. Qxa8 Nc6 17. c4 Qb6 18. Qxf8+ Kxf8 19. Rab1 Qc7 20. Rb5 Nb4
21. Nb3 Bb6 22. c5 Ba7 23. Rxa5 Nd3 24. Rd1 Nb2 25. Rc1 Nd3 26. Rb1 f6 27. Nfd4
Bb8 28. c6 fxe5 29. Nxf5 Qxc6 30. Nc5 Bc7 31. Nxd3 Bxa5 32. Rb8+ Kf7 33. Nxe5+
1-0

[Event "Festival INPS"]
[Site "Roma ITA"]
[Date "1998.??.??"]
[Round "6"]
[White "Rossetti, Mauro"]
[Black "Gardon, Ermanno"]
[Result "0-1"]
[WhiteElo "1912"]
[BlackElo "1818"]
[PlyCount "86"]
[EventDate "1998.??.??"]

1. e4 e6 2. d3 b5 3. a4 bxa4 4. Rxa4 Bb7 5. Be3 c5 6. Nc3 Nc6 7. Nf3 Nf6 8. e5
Nd5 9. Nxd5 exd5 10. c3 Qb6 11. Qa1 d6 12. d4 c4 13. Bxc4 dxc4 14. d5 Qb5 15.
dxc6 Bxc6 16. Ra5 Qb7 17. Rxa7 Rxa7 18. Bxa7 dxe5 19. Nxe5 Bxg2 20. Qa4+ Kd8
21. Bb6+ Ke7 22. Qxc4 Bd5 23. Qh4+ g5 24. Bc5+ Kf6 25. Qd4 Bxc5 26. Nd7+ Kg6
27. Qf6+ Kh5 28. Nxc5 Re8+ 29. Kd1 Qxb2 30. h4 Qb1+ 31. Kd2 Qg6 32. Qxg6+ hxg6
33. Rg1 gxh4 34. f4 h3 35. Rg5+ Kh6 36. Rg3 Bg2 37. Nd3 Rd8 38. Ke3 Rxd3+ 39.
Kxd3 h2 40. Rxg2 h1=Q 41. Rf2 Qd5+ 42. Ke2 Qc4+ 43. Kd2 Kh5 0-1

[Event "Festival INPS"]
[Site "Roma ITA"]
[Date "1998.??.??"]
[Round "6"]
[White "Scacco, Mauro"]
[Black "Rossi De Gasperis, Pietro"]
[Result "1-0"]
[WhiteElo "2050"]
[BlackElo "1704"]
[PlyCount "45"]
[EventDate "1998.??.??"]

1. e4 e6 2. d4 c5 3. Nf3 cxd4 4. Nxd4 Nf6 5. Bd3 Bc5 6. Nb3 Bb6 7. e5 Nd5 8.
Qg4 Ne7 9. Na3 Ba5+ 10. c3 Nbc6 11. Nc4 Qc7 12. Qxg7 Rg8 13. Nd6+ Kd8 14. Nxf7+
Ke8 15. Nd6+ Kd8 16. Qf6 Nd4 17. Bg5 Bxc3+ 18. Kf1 Qc6 19. Qxe7+ Kc7 20. Nxd4
Bxd4 21. Rc1 Bc5 22. Nb5+ Kb6 23. Rxc5 1-0

[Event "Festival INPS"]
[Site "Roma ITA"]
[Date "1998.??.??"]
[Round "6"]
[White "Sibilio, Mario"]
[Black "Quimi, Marco"]
[Result "0-1"]
[WhiteElo "2330"]
[BlackElo "2225"]
[PlyCount "54"]
[EventDate "1998.??.??"]

1. d4 Nf6 2. c4 c6 3. Nc3 d5 4. Nf3 e6 5. Qb3 Bd6 6. Bg5 Nbd7 7. e3 h6 8. Bh4
O-O 9. Bd3 dxc4 10. Bxc4 e5 11. Bg3 Qe7 12. Nh4 Qd8 13. Ng6 b5 14. Be2 Re8 15.
Rd1 Qc7 16. O-O exd4 17. Bxd6 Qxd6 18. Rxd4 Qc7 19. Rc1 a6 20. Nf4 Nc5 21. Qd1
Ne6 22. Rd6 Nxf4 23. exf4 Bb7 24. Qd2 b4 25. Na4 Rxe2 26. Qxe2 Qxd6 27. Nc5 Bc8
0-1

[Event "Festival INPS"]
[Site "Roma ITA"]
[Date "1998.??.??"]
[Round "6"]
[White "Trebeschi, Andrea"]
[Black "Cattarinich, Benedetto"]
[Result "0-1"]
[WhiteElo "1759"]
[BlackElo "1702"]
[PlyCount "38"]
[EventDate "1998.??.??"]

1. e4 c5 2. Nf3 e6 3. d4 cxd4 4. Nxd4 Nc6 5. Nxc6 bxc6 6. c4 Nf6 7. f3 d5 8.
cxd5 exd5 9. exd5 Bb4+ 10. Bd2 Nxd5 11. Bxb4 Qh4+ 12. g3 Qxb4+ 13. Qd2 O-O 14.
Qxb4 Nxb4 15. Na3 Be6 16. b3 Rfe8 17. Be2 Rad8 18. Rf1 Bh3 19. Rf2 Nd3+ 0-1

[Event "Festival INPS"]
[Site "Roma ITA"]
[Date "1998.??.??"]
[Round "7"]
[White "Bellincampi, Stefano"]
[Black "Sibilio, Mario"]
[Result "0-1"]
[WhiteElo "2065"]
[BlackElo "2330"]
[PlyCount "78"]
[EventDate "1998.??.??"]

1. e4 d6 2. d4 Nf6 3. Nc3 c6 4. Nge2 Qa5 5. f3 g6 6. Be3 Nbd7 7. Qd2 e5 8. Nc1
Qc7 9. a4 Bg7 10. Nb3 a5 11. Be2 O-O 12. O-O Ne8 13. Rad1 f5 14. Kh1 f4 15. Bf2
exd4 16. Nxd4 Ne5 17. b3 Kh8 18. g4 fxg3 19. Bxg3 Qe7 20. f4 Nf7 21. Rde1 Bh3
22. Rg1 Nf6 23. Bf1 Bxf1 24. Rgxf1 Nh5 25. Nf3 Qe6 26. Kg2 Rae8 27. Qd3 Qf6 28.
Ne2 Kg8 29. Qc4 Kh8 30. Qd3 Qe6 31. Nc3 Qg4 32. Nd2 Nd8 33. Ne2 Ne6 34. f5 Nc5
35. Qxd6 Nxe4 36. Nxe4 Qxe4+ 37. Kg1 Nxg3 38. Qxg3 Rxf5 39. Nf4 Bd4+ 0-1

[Event "Festival INPS"]
[Site "Roma ITA"]
[Date "1998.??.??"]
[Round "7"]
[White "Cattarinich, Benedetto"]
[Black "Scacco, Mauro"]
[Result "0-1"]
[WhiteElo "1702"]
[BlackElo "2050"]
[PlyCount "53"]
[EventDate "1998.??.??"]

1. d4 Nf6 2. c4 e6 3. Nf3 d5 4. Nc3 Be7 5. Bg5 Nbd7 6. e3 O-O 7. Rc1 a6 8. cxd5
exd5 9. Bd3 c6 10. O-O Re8 11. Re1 Ne4 12. Bf4 Ndf6 13. Ne5 Qa5 14. a3 Nxc3 15.
Rxc3 Ne4 16. b4 Qd8 17. Rc2 f6 18. Nf3 Bg4 19. h3 Bh5 20. g4 Bf7 21. Nh4 g6 22.
Ng2 Bf8 23. Bh2 Qd7 24. f4 a5 25. Qb1 axb4 26. axb4 Ra3 27. Qb2 0-1

[Event "Festival INPS"]
[Site "Roma ITA"]
[Date "1998.??.??"]
[Round "7"]
[White "Corvi, Marco"]
[Black "De Vita, Gianni"]
[Result "1-0"]
[WhiteElo "2320"]
[BlackElo "2160"]
[PlyCount "69"]
[EventDate "1998.??.??"]

1. c4 Nf6 2. Nc3 c5 3. Nf3 Nc6 4. g3 g6 5. Bg2 Bg7 6. O-O O-O 7. a3 d6 8. Rb1
Bf5 9. d3 Qc8 10. b4 Bh3 11. Nd5 Bxg2 12. Kxg2 Nxd5 13. cxd5 Nd4 14. e3 Nb5 15.
Bb2 Nc7 16. Bxg7 Kxg7 17. Qb3 b6 18. Rfc1 Rb8 19. e4 Qa6 20. d4 Rfc8 21. dxc5
bxc5 22. Qc3+ Kg8 23. bxc5 Rxb1 24. Rxb1 Nb5 25. Qd3 Rxc5 26. Nd4 Qxa3 27. Rb3
Qa1 28. Rxb5 Rc1 29. Rb8+ Kg7 30. Ne2 Rc5 31. Rb1 Qa5 32. Qd4+ Kh6 33. Qe3+ Kg7
34. Nf4 Rc3 35. Nh5+ 1-0

[Event "Festival INPS"]
[Site "Roma ITA"]
[Date "1998.??.??"]
[Round "7"]
[White "Di Lazzaro, Gabriele"]
[Black "Manzanilla, Rufino"]
[Result "1/2-1/2"]
[WhiteElo "2030"]
[BlackElo "1726"]
[PlyCount "51"]
[EventDate "1998.??.??"]

1. e4 e5 2. d4 exd4 3. Qxd4 Nc6 4. Qe3 d6 5. Nc3 g6 6. Bd2 Bg7 7. f4 Nge7 8.
Nf3 Be6 9. O-O-O Qd7 10. h3 h6 11. g4 f6 12. f5 Bf7 13. Kb1 O-O-O 14. Nb5 a6
15. Nbd4 Kb8 16. Bc3 Ne5 17. Be2 g5 18. Nxe5 fxe5 19. Nf3 Nc6 20. Be1 Bf6 21.
Bf2 Nd4 22. c3 Bxa2+ 23. Kxa2 Qa4+ 24. Kb1 Qc2+ 25. Ka2 Qa4+ 26. Kb1 1/2-1/2

[Event "Festival INPS"]
[Site "Roma ITA"]
[Date "1998.??.??"]
[Round "7"]
[White "Gardon, Ermanno"]
[Black "Coppini, Giorgio"]
[Result "1-0"]
[WhiteElo "1818"]
[BlackElo "2195"]
[PlyCount "43"]
[EventDate "1998.??.??"]

1. e4 d5 2. exd5 Qxd5 3. Nc3 Qd8 4. d4 Nf6 5. Bc4 Bg4 6. Nge2 e6 7. Bg5 Be7 8.
Qd2 Nd5 9. Bxe7 Nxe7 10. Qf4 Bf5 11. O-O-O c6 12. d5 exd5 13. Bxd5 Nd7 14. Nd4
cxd5 15. Nxf5 O-O 16. Nxd5 Nxf5 17. Qxf5 Nb6 18. Rhe1 Qh4 19. g3 Qh6+ 20. Qf4
Qxh2 21. Ne7+ Kh8 22. Rh1 1-0

[Event "Festival INPS"]
[Site "Roma ITA"]
[Date "1998.??.??"]
[Round "7"]
[White "Montecchi, Ugo"]
[Black "Marzano, Carlo"]
[Result "1/2-1/2"]
[WhiteElo "1971"]
[BlackElo "2185"]
[PlyCount "80"]
[EventDate "1998.??.??"]

1. e4 c6 2. b3 d5 3. Bb2 dxe4 4. Nc3 Nf6 5. Qe2 Bf5 6. O-O-O e6 7. f3 exf3 8.
Nxf3 Nbd7 9. Nh4 Bg4 10. Nf3 Qa5 11. h3 Bxf3 12. gxf3 Ba3 13. Rg1 g6 14. f4
O-O-O 15. Rg5 Bxb2+ 16. Kxb2 Qc7 17. Qf2 Kb8 18. Bg2 Nh5 19. Rf1 h6 20. Rg4 f5
21. Rh4 Nb6 22. Re1 Nd5 23. Bxd5 exd5 24. Rg1 Rd6 25. Ne2 Qe7 26. Nd4 Qf6 27.
c3 Re8 28. Nf3 Re4 29. Qh2 Rde6 30. Rxh5 gxh5 31. Ne5 R6xe5 32. fxe5 Qxe5 33.
Rg8+ Kc7 34. Qf2 b6 35. Qg1 Re2 36. Rg7+ Kb8 37. Qg6 Rxd2+ 38. Ka3 Re2 39. Qf7
Qd6+ 40. b4 Rxa2+ 1/2-1/2

[Event "Festival INPS"]
[Site "Roma ITA"]
[Date "1998.??.??"]
[Round "7"]
[White "Quimi, Marco"]
[Black "Pienabarca, Nicola"]
[Result "1/2-1/2"]
[WhiteElo "2225"]
[BlackElo "2060"]
[PlyCount "123"]
[EventDate "1998.??.??"]

1. e4 e6 2. d4 d5 3. e5 c5 4. c3 Qb6 5. Nf3 Bd7 6. Be2 cxd4 7. cxd4 Bb5 8. O-O
Bxe2 9. Qxe2 Qa6 10. Qd1 Nc6 11. Nc3 Nge7 12. a3 Rc8 13. Be3 Nf5 14. Rc1 Be7
15. Qd2 O-O 16. g4 Nxe3 17. fxe3 Na5 18. Qf2 Nc4 19. e4 f6 20. exf6 Rxf6 21.
Qe2 Rcf8 22. exd5 Nxb2 23. Qxa6 bxa6 24. Ne5 Rxf1+ 25. Rxf1 Rxf1+ 26. Kxf1 exd5
27. Nxd5 Bxa3 28. Ke2 Bd6 29. Nf3 a5 30. Kd2 a4 31. Kc2 Nc4 32. h3 h6 33. Nc3
Nb6 34. Nh4 Be7 35. Nf3 Bf6 36. Nb5 a6 37. Nc7 a5 38. Nb5 Kf7 39. Kd3 Ke6 40.
Ke4 Nc4 41. Kd3 a3 42. Ne1 a2 43. Nc2 Nb6 44. Nc3 Nd5 45. Nxa2 Nf4+ 46. Kc4
Nxh3 47. Nc3 Nf2 48. Ne3 Bg5 49. Nf5 g6 50. d5+ Kd7 51. Ng3 Nxg4 52. Nge4 Be7
53. Na4 h5 54. Kb5 Bb4 55. Nb6+ Kc7 56. Nc4 h4 57. d6+ Kd7 58. Ka4 Bxd6 59.
Ncxd6 h3 60. Nf7 h2 61. Ng3 Nf2 62. Ne5+ 1/2-1/2

[Event "Festival INPS"]
[Site "Roma ITA"]
[Date "1998.??.??"]
[Round "7"]
[White "Ragonese, Lucio Rosario"]
[Black "Rossetti, Mauro"]
[Result "1/2-1/2"]
[WhiteElo "1995"]
[BlackElo "1912"]
[PlyCount "141"]
[EventDate "1998.??.??"]

1. d4 d5 2. Nf3 c6 3. c3 Bf5 4. Nh4 Bxb1 5. Rxb1 e6 6. Nf3 f5 7. Bf4 Nf6 8. e3
Nbd7 9. h3 Be7 10. Bd3 O-O 11. Ng5 Nb6 12. Nxe6 Qc8 13. Nxf8 Kxf8 14. Qf3 Ne4
15. g4 Kg8 16. Rg1 Bh4 17. Bg3 Bxg3 18. fxg3 fxg4 19. Qxg4 Qxg4 20. hxg4 Ng5
21. Ke2 Nd7 22. Rgf1 Nf6 23. Rf5 h6 24. Re5 Rb8 25. Bf5 Nf7 26. Be6 Kf8 27.
Bxf7 Kxf7 28. Rf1 b5 29. g5 hxg5 30. Rxg5 Rh8 31. Rgf5 Kg6 32. R5f2 Ne4 33. Rg2
a5 34. Ra1 a4 35. a3 Kf6 36. Rf1+ Ke6 37. Kd3 g5 38. Ke2 Ke7 39. Rf5 Ke6 40.
Re5+ Kd6 41. Kf3 Rf8+ 42. Kg4 Rf1 43. Rh2 Rg1 44. Rxe4 dxe4 45. Kxg5 Kd5 46. g4
Rg3 47. Re2 Rf3 48. Kh6 Kc4 49. g5 Rh3+ 50. Kg7 Rg3 51. g6 Kd3 52. Rh2 Kxe3 53.
Kh7 Kd3 54. g7 e3 55. g8=Q Rxg8 56. Kxg8 e2 57. Rxe2 Kxe2 58. Kf7 Kd3 59. Ke6
Kc2 60. Kd6 Kxb2 61. Kxc6 Kxc3 62. d5 b4 63. d6 b3 64. d7 b2 65. d8=Q b1=Q 66.
Qh8+ Kd2 67. Qh2+ Ke3 68. Qh6+ Ke2 69. Qh2+ Ke3 70. Qg3+ Kd4 71. Qg7+ 1/2-1/2

[Event "Festival INPS"]
[Site "Roma ITA"]
[Date "1998.??.??"]
[Round "7"]
[White "Rossi De Gasperis, Pietro"]
[Black "Cellucci, Alessandro"]
[Result "1-0"]
[WhiteElo "1704"]
[BlackElo "1870"]
[PlyCount "61"]
[EventDate "1998.??.??"]

1. e4 c5 2. f4 d5 3. exd5 Nf6 4. Nf3 Nxd5 5. d4 e6 6. Bb5+ Bd7 7. Qe2 a6 8.
Bxd7+ Nxd7 9. c4 Nc7 10. d5 Qe7 11. dxe6 Qxe6 12. Qxe6+ Nxe6 13. Nc3 O-O-O 14.
O-O Nb6 15. Ne5 f5 16. Nf7 Bd6 17. Nxh8 Rxh8 18. b3 Nd4 19. Bb2 Rd8 20. Rae1 g6
21. Re3 Kc7 22. g3 Rd7 23. Kg2 Bf8 24. Rd1 Bg7 25. Rd2 Kc6 26. Ne2 Nc8 27. Red3
Nd6 28. Nxd4+ cxd4 29. Bxd4 Ne4 30. Rd1 Nc5 31. Bxc5 1-0

[Event "Festival INPS"]
[Site "Roma ITA"]
[Date "1998.??.??"]
[Round "7"]
[White "Satta, Vladimiro"]
[Black "De Vita, Igor"]
[Result "1/2-1/2"]
[WhiteElo "2230"]
[BlackElo "2125"]
[PlyCount "69"]
[EventDate "1998.??.??"]

1. e4 d6 2. d4 Nf6 3. Nc3 g6 4. Nf3 Bg7 5. Be2 O-O 6. O-O Bg4 7. Be3 Nc6 8. d5
Bxf3 9. Bxf3 Ne5 10. Be2 c6 11. a4 Qa5 12. Ra3 Ned7 13. Qd2 Rfc8 14. Rb1 cxd5
15. exd5 Ne5 16. Rb3 Qc7 17. Rc1 a6 18. Bd4 Ned7 19. Qe3 Re8 20. f4 Rac8 21.
Bf3 Kh8 22. Qf2 Ng8 23. Ne4 Bxd4 24. Qxd4+ Ngf6 25. Bg4 Qc4 26. Qxc4 Rxc4 27.
Bxd7 Nxd7 28. Rxb7 Rxe4 29. Rxd7 Rxa4 30. Re1 Rxf4 31. Rexe7 Rxe7 32. Rxe7 Rd4
33. Ra7 Rxd5 34. Rxf7 Rd1+ 35. Rf1 1/2-1/2

[Event "Festival INPS"]
[Site "Roma ITA"]
[Date "1998.??.??"]
[Round "7"]
[White "Simeone, Giulio"]
[Black "De Blasio, Alessandro"]
[Result "1-0"]
[WhiteElo "1717"]
[BlackElo "1714"]
[PlyCount "71"]
[EventDate "1998.??.??"]

1. c4 e6 2. e4 c5 3. Nc3 Ne7 4. Nf3 Nbc6 5. d4 cxd4 6. Nxd4 a6 7. Nc2 Qc7 8.
Be3 Ng6 9. Qd2 Be7 10. Be2 O-O 11. O-O d6 12. Rad1 Bd7 13. f4 Rad8 14. b3 Nb8
15. Qe1 b5 16. cxb5 axb5 17. Rc1 Qa5 18. f5 Ne5 19. Nd5 Qxe1 20. Nxe7+ Kh8 21.
Nxe1 Rfe8 22. fxe6 fxe6 23. Bg5 h6 24. Ng6+ Nxg6 25. Bxd8 Rxd8 26. Rc7 Kg8 27.
Nd3 d5 28. Nc5 b4 29. Nxd7 Nxd7 30. Bg4 Ngf8 31. exd5 exd5 32. Bxd7 Nxd7 33.
Rb7 Nf6 34. Rxb4 d4 35. Rf4 Ra8 36. Ra4 1-0

[Event "Festival INPS"]
[Site "Roma ITA"]
[Date "1998.??.??"]
[Round "7"]
[White "Simeoni, Matteo"]
[Black "Farina, Saverio"]
[Result "0-1"]
[WhiteElo "2035"]
[BlackElo "2200"]
[PlyCount "78"]
[EventDate "1998.??.??"]

1. e4 e6 2. d4 d5 3. Nc3 c5 4. exd5 exd5 5. dxc5 Nf6 6. Be3 Nc6 7. Bb5 Be7 8.
Nge2 O-O 9. Bxc6 bxc6 10. Nd4 Qc7 11. Nb3 Re8 12. h3 Bf5 13. O-O Rad8 14. Rc1
Ne4 15. Nxe4 dxe4 16. Qe2 Bf6 17. Rb1 Be5 18. f4 exf3 19. Rxf3 Be4 20. Rff1 Re6
21. Rf2 Bh2+ 22. Kh1 Bg3 23. Rff1 Rde8 24. Nd4 Rg6 25. Rbd1 Be5 26. Rf2 Qc8 27.
Qd2 Qxh3+ 28. Kg1 Bxg2 29. Rxg2 Rxg2+ 30. Qxg2 Qxe3+ 31. Qf2 Qg5+ 32. Qg2 Qe3+
33. Qf2 Qg5+ 34. Qg2 Bxd4+ 35. Rxd4 Re1+ 36. Kh2 Qe5+ 37. Qg3 Re2+ 38. Kh1 Re1+
39. Qg1 Rxg1+ 0-1

[Event "Festival INPS"]
[Site "Roma ITA"]
[Date "1998.??.??"]
[Round "7"]
[White "Spano' Cuomo, Gaetano"]
[Black "Martelli, Andrea"]
[Result "1/2-1/2"]
[WhiteElo "1866"]
[BlackElo "1770"]
[PlyCount "100"]
[EventDate "1998.??.??"]

1. Nf3 e6 2. g3 f5 3. Bg2 Nf6 4. d3 d5 5. O-O Bd6 6. Nbd2 O-O 7. b3 Bd7 8. Bb2
Be8 9. Ne5 Nbd7 10. Ndf3 Nxe5 11. Nxe5 Ng4 12. Nxg4 fxg4 13. e4 Qg5 14. exd5
exd5 15. Qc1 Qf5 16. Qd2 c6 17. Rae1 Bd7 18. c4 Rfe8 19. Rxe8+ Rxe8 20. cxd5
cxd5 21. Qc3 Bf8 22. Qd4 Bc6 23. f3 gxf3 24. Rxf3 Qg5 25. Qf2 b6 26. Rf5 Re1+
27. Bf1 Rxf1+ 28. Kxf1 Qd8 29. Be5 Bd7 30. Rf4 Qc8 31. Bc3 Bd6 32. Qd4 Bh3+ 33.
Ke2 Qe6+ 34. Kd1 Bf8 35. Qe5 Qd7 36. Rh4 Bf5 37. Kc2 Bg6 38. Rd4 Bf7 39. Rh4
Qc6 40. Rg4 d4 41. Qxd4 Qg2+ 42. Bd2 Qxh2 43. Qd8 Qf2 44. Rf4 Qc5+ 45. Kb2 Qe5+
46. Qd4 Qe2 47. Rf2 Qe7 48. Rf4 Bg6 49. Qc4+ Bf7 50. Qc8 Bg6 1/2-1/2

[Event "Festival INPS"]
[Site "Roma ITA"]
[Date "1998.??.??"]
[Round "7"]
[White "Tosi, Francesco"]
[Black "Lantini, Marco"]
[Result "1/2-1/2"]
[WhiteElo "1883"]
[BlackElo "2180"]
[PlyCount "21"]
[EventDate "1998.??.??"]

1. Nf3 Nf6 2. c4 e6 3. Nc3 Bb4 4. g3 b6 5. Bg2 Bb7 6. O-O O-O 7. Qc2 d5 8. cxd5
exd5 9. d4 h6 10. Bf4 c5 11. Nb5 1/2-1/2

[Event "Festival INPS"]
[Site "Roma ITA"]
[Date "1998.??.??"]
[Round "7"]
[White "Tosoni, Augusto"]
[Black "Pezzaldi, Roberto"]
[Result "1-0"]
[WhiteElo "1948"]
[BlackElo "2095"]
[PlyCount "62"]
[EventDate "1998.??.??"]

1. e4 e6 2. d4 d5 3. Nc3 Bb4 4. e5 c5 5. a3 Bxc3+ 6. bxc3 Qc7 7. Nf3 Nc6 8. a4
f6 9. Bf4 cxd4 10. exf6 e5 11. fxg7 Qxg7 12. Nxe5 dxc3 13. Qh5+ Ke7 14. O-O-O
Nf6 15. Nxc6+ bxc6 16. Re1+ Kd8 17. Qh4 Bf5 18. Bg5 Rf8 19. Qf4 Bd7 20. Bh6 Qf7
21. Qb4 Ne4 22. Qxf8+ Qxf8 23. Bxf8 Rb8 24. Bg7 Rb4 25. Rxe4 Rxe4 26. Bxc3 Rxa4
27. Bd3 h6 28. Kd2 d4 29. Bb2 c5 30. Ra1 c4 31. Rxa4 c3+ 1-0

[Event "Festival INPS"]
[Site "Roma ITA"]
[Date "1998.??.??"]
[Round "7"]
[White "Trebeschi, Andrea"]
[Black "Campomori, Bruno"]
[Result "0-1"]
[WhiteElo "1759"]
[BlackElo "1826"]
[PlyCount "80"]
[EventDate "1998.??.??"]

1. e4 e5 2. Nf3 Nc6 3. Bb5 Nf6 4. d3 d6 5. c3 Be7 6. O-O O-O 7. h3 a6 8. Ba4 b5
9. Bb3 Bb7 10. Re1 Nb8 11. Nbd2 Nbd7 12. Nf1 Re8 13. Ng3 g6 14. Bh6 c5 15. Qd2
Qc7 16. Nh2 d5 17. f3 c4 18. Bc2 dxe4 19. dxe4 Rad8 20. Red1 Nf8 21. Qe2 Ne6
22. Rxd8 Rxd8 23. Rd1 Rxd1+ 24. Qxd1 Qc5+ 25. Kf1 Bd8 26. Ng4 Nxg4 27. fxg4 Bb6
28. Qf3 Qg1+ 29. Ke2 b4 30. Qf1 Qc5 31. Qf3 bxc3 32. bxc3 Qa3 33. Kd2 Bc6 34.
Qf6 Bd8 35. Qxe5 Bc7 36. Qf6 Bxg3 37. h4 Qxa2 38. Qf3 Be5 39. h5 Ba4 40. Qd1 g5
0-1

[Event "Festival INPS"]
[Site "Roma ITA"]
[Date "1998.??.??"]
[Round "8"]
[White "Campomori, Bruno"]
[Black "Di Lazzaro, Gabriele"]
[Result "0-1"]
[WhiteElo "1826"]
[BlackElo "2030"]
[PlyCount "96"]
[EventDate "1998.??.??"]

1. e4 g6 2. d4 Bg7 3. Nf3 d6 4. h3 Nf6 5. Bd3 O-O 6. O-O c6 7. c4 Qc7 8. Nc3
Nbd7 9. Be3 b6 10. Qd2 Bb7 11. Rac1 a6 12. Bb1 Rad8 13. Bh6 Qb8 14. Ne2 e5 15.
d5 cxd5 16. exd5 b5 17. b3 Rc8 18. Ng3 bxc4 19. bxc4 Nb6 20. Nf5 Bxh6 21. Qxh6
gxf5 22. Bxf5 Rxc4 23. Qg5+ Kh8 24. Qxf6+ Kg8 25. Ng5 Rh4 26. Ne4 Qd8 27. Qxd8
Rxd8 28. Rb1 Bxd5 29. Rxb6 Bxe4 30. g3 Bxf5 31. gxh4 Bd3 32. Rd1 e4 33. Rc1 Rd7
34. Rcc6 d5 35. h5 Kf8 36. Kg2 Be2 37. Kg3 Ke7 38. Kf4 d4 39. Rb2 d3 40. Rd2
Bf3 41. Rxa6 f6 42. h6 Kf7 43. a4 Rc7 44. Rb2 Rc1 45. h4 Kg6 46. Rbb6 d2 47.
Rxf6+ Kh5 48. Ra5+ Kxh4 0-1

[Event "Festival INPS"]
[Site "Roma ITA"]
[Date "1998.??.??"]
[Round "8"]
[White "Coppini, Giorgio"]
[Black "Cattarinich, Benedetto"]
[Result "1/2-1/2"]
[WhiteElo "2195"]
[BlackElo "1702"]
[PlyCount "47"]
[EventDate "1998.??.??"]

1. c4 e6 2. Nf3 d5 3. g3 Nf6 4. Bg2 Nbd7 5. Qc2 a6 6. a4 c5 7. O-O b6 8. a5 Rb8
9. d3 Qc7 10. Nc3 d4 11. axb6 Rxb6 12. Ne4 Nxe4 13. dxe4 Qb8 14. Ra2 Bd6 15.
Bd2 Ne5 16. Nxe5 Bxe5 17. Ba5 Rb3 18. f4 d3 19. exd3 Bxb2 20. Bc7 Bd4+ 21. Kh1
Qb4 22. Ba5 Qb8 23. Bc7 Qb4 24. Ba5 1/2-1/2

[Event "Festival INPS"]
[Site "Roma ITA"]
[Date "1998.??.??"]
[Round "8"]
[White "De Blasio, Alessandro"]
[Black "Trebeschi, Andrea"]
[Result "1-0"]
[WhiteElo "1714"]
[BlackElo "1759"]
[PlyCount "39"]
[EventDate "1998.??.??"]

1. e4 d6 2. d4 Nf6 3. Nc3 g6 4. f4 Bg7 5. Nf3 c5 6. dxc5 Qa5 7. Bd3 Qxc5 8. Qe2
a6 9. Be3 Qc7 10. O-O O-O 11. e5 dxe5 12. fxe5 Ng4 13. Nd5 Qd8 14. Nb6 Nd7 15.
Nxa8 b6 16. Be4 Ngxe5 17. Rad1 f5 18. Bd5+ Kh8 19. Ng5 Rf6 20. Ne6 1-0

[Event "Festival INPS"]
[Site "Roma ITA"]
[Date "1998.??.??"]
[Round "8"]
[White "De Vita, Gianni"]
[Black "Montecchi, Ugo"]
[Result "1-0"]
[WhiteElo "2160"]
[BlackElo "1971"]
[PlyCount "57"]
[EventDate "1998.??.??"]

1. e4 c5 2. b4 cxb4 3. d4 Nf6 4. Bd3 d5 5. e5 Ne4 6. Ne2 Nc6 7. O-O g6 8. a3
Nc3 9. Nbxc3 bxc3 10. Qe1 Bf5 11. Bxf5 gxf5 12. Qxc3 e6 13. Qg3 Qc7 14. c3
O-O-O 15. Bg5 Be7 16. Bxe7 Qxe7 17. Rfb1 Na5 18. Nf4 h5 19. Rb5 Rdg8 20. Qf3
Nc4 21. a4 h4 22. a5 Qg5 23. a6 Nd2 24. axb7+ Kb8 25. Qe3 Nc4 26. Qc1 h3 27.
Rxa7 hxg2 28. Ra8+ Kc7 29. Nxe6+ 1-0

[Event "Festival INPS"]
[Site "Roma ITA"]
[Date "1998.??.??"]
[Round "8"]
[White "De Vita, Igor"]
[Black "Quimi, Marco"]
[Result "0-1"]
[WhiteElo "2125"]
[BlackElo "2225"]
[PlyCount "168"]
[EventDate "1998.??.??"]

1. e4 c5 2. Nf3 Nc6 3. d4 cxd4 4. Nxd4 g6 5. c4 Bg7 6. Be3 Nf6 7. Nc3 Ng4 8.
Qxg4 Nxd4 9. Qd1 Ne6 10. Rc1 Qa5 11. Qd2 b6 12. Bd3 Bb7 13. Bb1 Rc8 14. b3 d6
15. O-O g5 16. Nd5 Qxd2 17. Bxd2 Be5 18. Rfe1 Rg8 19. Bc3 f6 20. Bd3 h5 21. Be2
g4 22. Kh1 Bxc3 23. Rxc3 Ng5 24. Bd1 Bxd5 25. exd5 Rc7 26. Rce3 Nf7 27. f4 Nh6
28. Bc2 Rg7 29. Bd3 Kf8 30. R3e2 Kf7 31. g3 Rg8 32. Rc2 Rgc8 33. Rec1 a6 34.
Kg2 Kg7 35. Kf2 Rb8 36. Ke3 Nf7 37. Kd4 Nd8 38. Bf5 Nb7 39. Re1 Nd8 40. Ree2
Nf7 41. b4 Nh6 42. Be6 Nf7 43. Rb2 Nd8 44. Bf5 Nb7 45. Rec2 Ra8 46. a3 a5 47.
Ra2 Nd8 48. Re2 Kf7 49. Bb1 Rac8 50. Bd3 f5 51. Rac2 Kf6 52. Rb2 a4 53. Rbc2 e6
54. dxe6 Nxe6+ 55. Kd5 Re7 56. Rcd2 h4 57. Bc2 b5 58. cxb5 Rc3 59. Kxd6 Re8 60.
Rxe6+ Rxe6+ 61. Kd7 Rxa3 62. Rd5 Re7+ 63. Kd8 Re2 64. b6 Rae3 65. Rxf5+ Kg7 66.
Rg5+ Kf6 67. Rf5+ Ke6 68. Rc5 Kd6 69. Re5 Rxe5 70. fxe5+ Kc6 71. Bxa4+ Kxb6 72.
Bd7 Rxh2 73. Bxg4 hxg3 74. Bf3 Re2 75. Bxe2 g2 76. e6 g1=Q 77. e7 Qd4+ 78. Ke8
Kc7 79. Kf7 Qf4+ 80. Ke6 Qe3+ 81. Kf7 Qf4+ 82. Ke6 Qe4+ 83. Kf7 Qf5+ 84. Kg8
Kd7 0-1

[Event "Festival INPS"]
[Site "Roma ITA"]
[Date "1998.??.??"]
[Round "8"]
[White "Farina, Saverio"]
[Black "Corvi, Marco"]
[Result "1-0"]
[WhiteElo "2200"]
[BlackElo "2320"]
[PlyCount "120"]
[EventDate "1998.??.??"]

1. d4 Nf6 2. c4 g6 3. Nc3 Bg7 4. e3 d6 5. Nf3 c6 6. Be2 Qc7 7. O-O O-O 8. b3
Re8 9. Bb2 a5 10. Rc1 Na6 11. h3 h6 12. Qd2 e5 13. dxe5 dxe5 14. Rfd1 Nc5 15.
Qd6 Qxd6 16. Rxd6 Nfe4 17. Nxe4 Nxe4 18. Rdd1 Nc5 19. Ba3 Bf8 20. Bb2 f6 21.
Nh2 Kf7 22. Bc3 Ne4 23. Bb2 a4 24. Bd3 Nc5 25. Bc2 axb3 26. axb3 Ra2 27. Bc3
Na6 28. Rd2 f5 29. Nf3 Bb4 30. Bxb4 Nxb4 31. Bb1 Rxd2 32. Nxd2 Rd8 33. Nf3 Kf6
34. Kf1 Be6 35. Ke2 Ra8 36. Kd2 c5 37. Kc3 Rd8 38. Ne1 g5 39. Nd3 Na6 40. Nb2
h5 41. g3 h4 42. gxh4 gxh4 43. Rg1 Rg8 44. Rxg8 Bxg8 45. Nd3 Bf7 46. f4 e4 47.
Nf2 Bh5 48. Bc2 Nb4 49. Bxe4 fxe4 50. Nxe4+ Kf5 51. Nxc5 Na6 52. Nxb7 Bf3 53.
Nd6+ Kg6 54. e4 Nc5 55. Kd4 Nxb3+ 56. Ke5 Be2 57. f5+ Kg7 58. f6+ Kf8 59. Kf4
Nc5 60. Kg5 Bxc4 1-0